Retos y logros de una década: memoria de una gestión panamericana /
Gespeichert in:
| Körperschaft: | |
|---|---|
| Format: | Buch |
| Sprache: | Spanish |
| Veröffentlicht: |
Montevideo, Uruguay:
Instituto Paamericano de Geografía e Historia:
2013.
|
| Ausgabe: | 1. edición |
| Schlagworte: | |
| Tags: |
Tag hinzufügen
Keine Tags, Fügen Sie den ersten Tag hinzu!
|
MARC
| LEADER | 00000nam a22000007a 4500 | ||
|---|---|---|---|
| 008 | 150519s2013 uy aaoa| |||| 00| 0 spa d | ||
| 020 | |a 9786077842101 | ||
| 040 | |a CRU CIICLA | ||
| 041 | |a spa | ||
| 082 | |a 906.3 |b R438r | ||
| 110 | 1 | |a Instituto Panamericano de Geografía e Historia | |
| 245 | 1 | 0 | |a Retos y logros de una década: |b memoria de una gestión panamericana / |c Instituto Panamericano de Geografía e Historia |
| 250 | |a 1. edición | ||
| 260 | |a Montevideo, Uruguay: |b Instituto Paamericano de Geografía e Historia: |c 2013. | ||
| 300 | |a 74 páginas; |b ilustraciones a color | ||
| 500 | |a "Informe del Secretario General 2003-2013, Santiago Borrero Mutis, a la 20 Asamblea General del IPGH"--"Pub. 548"--A la cabeza de la portada: Instituto Panamericano de Geografía e Historia, Organismo Especializado de la Organización de los Estados Americanos--Impreso -- Publicación 548. | ||
| 505 | |t Contenido: Situación financiera 2003-2013 -- Las actividades de Cooperación Técnica 2003-2013 -- La labor editorialy las actividades de difusión en el periodo 2004-2013 -- Agenda Panamericana del IPGH 2010-2020 -- La labor conjunta de los órganos del IPGH: resoluciones aprobadas en el periodo 2003-2012 -- Desempeño de los órganos panamericanos del IPGH durante la década, las Secciones Nacionales y el estado del Instituto -- Actividades relevantes en el periodo que contribuyeron al desempeño del IPGH -- Reflexiones sobre IPGH del siglo XXI. | ||
| 610 | 1 | 4 | |a INSTITUTO PANAMERICANO DE GEOGRAFIA E HISTORIA |
| 942 | |2 ddc |c BK | ||
| 999 | |c 4124 |d 4124 | ||



